Čas Ctibora Štítnického

Bibliographic Details
Main Author: Števček, Pavol, 1932-2003 (Author)
Format: Article
Language:Slovak
PhysicalDescription:Fotogr.
ISSN:0862-5999
Subjects:

MARC

LEADER 00000nab a2200000 a 4500
001 vtls000800685
003 SK-MaSNL
005 20260302152127.0
008 140423c2002 xo 0 slo
015 |a SNBRB2002/07-22787 
035 |a CLN000152340 
040 |a SNKBUCL  |b slo  |c SNKBUCL  |e AACR2 
041 0 |a slo 
044 |a xo  |c SK 
080 |a 82:929:885.4  |2 1997 
080 |a 885.4:929  |2 1997 
100 1 |a Števček, Pavol,  |d 1932-2003  |4 aut  |9 103687 
245 1 0 |a Čas Ctibora Štítnického  |c Pavol Števček 
300 |b Fotogr. 
600 1 7 |a Štítnický, Ctibor,  |d 1922-2002  |2 snkbucl  |9 201598 
655 7 |a články z novín a časopisov  |2 snkbucl  |9 267496 
773 0 |t Literárny týždenník  |g Roč. 15, č. 25 (2002), s. 2  |x 0862-5999 
850 |a Slovenská národná knižnica v Martine 
852 |a SNK  |b KIS3GCP 
958 |a LX 
958 |a SK 
992 |a RBX 
999 |c 1361817  |d 1363747